书目信息 |
| 题名: |
音乐与环保
|
|
| 作者: | 罗小平 著 | |
| 分册: | ||
| 出版信息: | 北京 人民音乐出版社 2005 |
|
| 页数: | 111页 | |
| 开本: | 20×18cm | |
| 丛书名: | ||
| 单 册: | ||
| 中图分类: | J60-05 | |
| 科图分类: | ||
| 主题词: | 音乐--关系--环境保护 , 音乐 , 环境保护 | |
| 电子资源: | ||
| ISBN: | 7-103-02983-0 | |
| 000 | 00738nam0 2200241 450 | |
| 001 | 003034491 | |
| 005 | 20070805165755.78 | |
| 010 | @a7-103-02983-0@dCNY15.00 | |
| 100 | @a20051214d2005 em y0chiy0110 ea | |
| 101 | 0 | @achi |
| 102 | @aCN@b110000 | |
| 105 | @aa z 000yy | |
| 200 | 1 | @a音乐与环保@9yin yue yu huan bao@f罗小平著 |
| 210 | @a北京@c人民音乐出版社@d2005 | |
| 215 | @a111页@c图@d20×18cm | |
| 330 | @a本书分三大篇:人类与环保、环保中的音乐、音乐中的环保。每篇中有若干相关的小标题来论述与之相应的内容。 | |
| 606 | 0 | @a音乐@x关系@x环境保护 |
| 606 | 0 | @a音乐 |
| 606 | 0 | @a环境保护 |
| 690 | @aJ60-05@v4 | |
| 701 | 0 | @a罗小平@9luo xiao ping@c(女,@f1945.9~)@4著 |
| 801 | 0 | @aCN@bNLC@c20070805 |
| 905 | @a10447@dJ60-05@e495 | |
| 音乐与环保/罗小平著.-北京:人民音乐出版社,2005 |
| 111页:图;20×18cm |
| ISBN 7-103-02983-0:CNY15.00 |
| 本书分三大篇:人类与环保、环保中的音乐、音乐中的环保。每篇中有若干相关的小标题来论述与之相应的内容。 |
| ● |
| 相关链接 |
|
|
|
|
正题名:音乐与环保
索取号:J60-05/495
 
预约/预借
| 序号 | 登录号 | 条形码 | 馆藏地/架位号 | 状态 | 备注 |
| 1 | 0808701 | 208087014 | 第一样本阅览室/ [索取号:J60-05/495] | 在馆 | |
| 2 | 0808702 | 208087023 | 第一借阅区/ [索取号:J60-05/495] | 在馆 | |
| 3 | 0808703 | 208087032 | 第一借阅区/ [索取号:J60-05/495] | 在馆 | |
| 4 | 0808704 | 208087041 | 第一借阅区/ [索取号:J60-05/495] |
已借出,限还日期为2013.04.02 借出人:陈明阳 |
|
| 5 | 0808705 | 208087050 | 密集书库-音乐系/ [索取号:J60-05/495] | 在馆 |